Advanced optical communications systems and networks (Record no. 11867)
[ view plain ]
| 000 -LEADER | |
|---|---|
| fixed length control field | 00697cam a22002175i 4500 |
| 001 - CONTROL NUMBER | |
| control field | 17613195 |
| 005 - DATE AND TIME OF LATEST TRANSACTION | |
| control field | 20170105102350.0 |
| 008 - FIXED-LENGTH DATA ELEMENTS--GENERAL INFORMATION | |
| fixed length control field | 130204s2013 maua 000 0 eng |
| 010 ## - LIBRARY OF CONGRESS CONTROL NUMBER | |
| LC control number | 2012538065 |
| 020 ## - INTERNATIONAL STANDARD BOOK NUMBER | |
| International Standard Book Number | 9781608075553 |
| 040 ## - CATALOGING SOURCE | |
| Original cataloging agency | DLC |
| Language of cataloging | eng |
| Transcribing agency | DLC |
| Description conventions | rda |
| 042 ## - AUTHENTICATION CODE | |
| Authentication code | pcc |
| 082 ## - DEWEY DECIMAL CLASSIFICATION NUMBER | |
| Classification number | 621.38275 |
| 100 1# - MAIN ENTRY--PERSONAL NAME | |
| Personal name | Cvijetic, Milorad. |
| 245 10 - TITLE STATEMENT | |
| Title | Advanced optical communications systems and networks |
| Statement of responsibility, etc. | Milorad Cvijetic, Ivan B. Djordjevic. |
| 260 ## - PUBLICATION, DISTRIBUTION, ETC. | |
| Place of publication, distribution, etc. | Boston |
| Name of publisher, distributor, etc. | Artech House |
| Date of publication, distribution, etc. | 2013 |
| 300 ## - PHYSICAL DESCRIPTION | |
| Extent | xx, 804 pages : |
| Other physical details | illustrations ; |
| Dimensions | 24 cm |
| 906 ## - LOCAL DATA ELEMENT F, LDF (RLIN) | |
| a | 0 |
| b | ibc |
| c | orignew |
| d | 2 |
| e | ncip |
| f | 20 |
| g | y-gencatlg |
| 942 ## - ADDED ENTRY ELEMENTS (KOHA) | |
| Source of classification or shelving scheme | |
| Koha item type | Book |
| Withdrawn status | Lost status | Damaged status | Not for loan | Collection code | Permanent Location | Current Location | Shelving location | Date acquired | Source of acquisition | Cost, normal purchase price | Total Checkouts | Total Renewals | Full call number | Barcode | Date last seen | Date last checked out | Price effective from | Koha item type |
|---|---|---|---|---|---|---|---|---|---|---|---|---|---|---|---|---|---|---|
| Central Library (CL) | Central Library (CL) | General Stacks | 06/01/2013 | Progressive International Agencies | 13725.86 | 2 | 1 | 621.38275 CVI | SEECS012369 | 01/26/2023 | 10/04/2018 | 01/05/2017 | Book |
